<?xml version="1.0" encoding="UTF-8"?>
<record
    xmlns:xsi="http://www.w3.org/2001/XMLSchema-instance"
    xsi:schemaLocation="http://www.loc.gov/MARC21/slim http://www.loc.gov/standards/marcxml/schema/MARC21slim.xsd"
    xmlns="http://www.loc.gov/MARC21/slim">

  <leader>02848njm a2200469Ia 4500</leader>
  <controlfield tag="001">25629</controlfield>
  <controlfield tag="003">IT-RoPAU</controlfield>
  <controlfield tag="005">20220918181124.0</controlfield>
  <controlfield tag="008">131025s9999    xx            000 0 und d</controlfield>
  <datafield tag="040" ind1=" " ind2=" ">
    <subfield code="a">IT-RoPAU</subfield>
  </datafield>
  <datafield tag="040" ind1=" " ind2=" ">
    <subfield code="c">IT-RoPAU</subfield>
  </datafield>
  <datafield tag="041" ind1=" " ind2=" ">
    <subfield code="a">ITALIANO</subfield>
  </datafield>
  <datafield tag="999" ind1=" " ind2=" ">
    <subfield code="c">100020</subfield>
    <subfield code="d">100020</subfield>
  </datafield>
  <datafield tag="999" ind1=" " ind2=" ">
    <subfield code="b">n.d.</subfield>
  </datafield>
  <datafield tag="100" ind1=" " ind2=" ">
    <subfield code="a">AA.VV.</subfield>
    <subfield code="9">794</subfield>
  </datafield>
  <datafield tag="100" ind1=" " ind2=" ">
    <subfield code="e">Autore musica</subfield>
    <subfield code="9">12735</subfield>
  </datafield>
  <datafield tag="100" ind1=" " ind2=" ">
    <subfield code="g">Codice autore musica SPICS: 12000</subfield>
    <subfield code="9">796</subfield>
  </datafield>
  <datafield tag="245" ind1=" " ind2=" ">
    <subfield code="a">Mamma tutto</subfield>
  </datafield>
  <datafield tag="250" ind1=" " ind2=" ">
    <subfield code="a">1a ed.</subfield>
  </datafield>
  <datafield tag="260" ind1=" " ind2=" ">
    <subfield code="a">MILANO</subfield>
  </datafield>
  <datafield tag="260" ind1=" " ind2=" ">
    <subfield code="b">RI - FI RECORD COMPANY</subfield>
    <subfield code="c">1976 [1a Ed.:1976 - Ed. Lingua Orig.: 1976]</subfield>
  </datafield>
  <datafield tag="300" ind1=" " ind2=" ">
    <subfield code="a">DISCO</subfield>
  </datafield>
  <datafield tag="300" ind1=" " ind2=" ">
    <subfield code="c">37 minuti (Testo:  pag.)</subfield>
  </datafield>
  <datafield tag="500" ind1=" " ind2=" ">
    <subfield code="a">Canzone italiana. Arrangiamento</subfield>
  </datafield>
  <datafield tag="505" ind1=" " ind2=" ">
    <subfield code="a">Mamma tutto (3:00) - Miguel (3:00) - Non scordarti di me (4:00) - Aspetta voce mia (4:00) - Il ragazzo che sorride (4:00) - La felicit&#xE0; (3:00) - Ave Maria (3:00) - Per la madre urrah (4:00) - Sciogli i cavalli al vento (5:00) - Dormi, amore dormi (3:00) - E' maggio (3:00) - Poche pesetas (3:00)</subfield>
  </datafield>
  <datafield tag="650" ind1=" " ind2=" ">
    <subfield code="a">CANZONE ITALIAN [DISCHI]</subfield>
    <subfield code="e">Codice MATERIA SPICS: 9950</subfield>
    <subfield code="9">12736</subfield>
  </datafield>
  <datafield tag="700" ind1=" " ind2=" ">
    <subfield code="a">Zanicchi Iva</subfield>
    <subfield code="g">Codice interprete SPICS: 11562</subfield>
    <subfield code="e">Interprete</subfield>
    <subfield code="9">12737</subfield>
  </datafield>
  <datafield tag="700" ind1=" " ind2=" ">
    <subfield code="a">Kluger Jean</subfield>
    <subfield code="g">Codice autore musica SPICS: 26129</subfield>
    <subfield code="e">Autore musica</subfield>
    <subfield code="p">Mamma tutto</subfield>
    <subfield code="9">12738</subfield>
  </datafield>
  <datafield tag="700" ind1=" " ind2=" ">
    <subfield code="a">Broussolle J.</subfield>
    <subfield code="g">Codice autore SPICS: 26128</subfield>
    <subfield code="e">Autore</subfield>
    <subfield code="p">Mamma tutto</subfield>
    <subfield code="9">12739</subfield>
  </datafield>
  <datafield tag="700" ind1=" " ind2=" ">
    <subfield code="a">Testa Arturo</subfield>
    <subfield code="g">Codice autore testo/musica SPICS: 13685</subfield>
    <subfield code="e">Autore testo/musica</subfield>
    <subfield code="p">Mamma tutto</subfield>
    <subfield code="9">12740</subfield>
  </datafield>
  <datafield tag="700" ind1=" " ind2=" ">
    <subfield code="a">Castellari Camillo &amp; Corrado</subfield>
    <subfield code="g">Codice autore testo/musica SPICS: 16011</subfield>
    <subfield code="e">Autore testo/musica</subfield>
    <subfield code="p">Miguel - Per la madre urrah - Poche pesetas</subfield>
    <subfield code="9">12741</subfield>
  </datafield>
  <datafield tag="700" ind1=" " ind2=" ">
    <subfield code="a">Tuminelli Sandro</subfield>
    <subfield code="g">Codice autore musica SPICS: 25258</subfield>
    <subfield code="e">Autore musica</subfield>
    <subfield code="p">Non scordarti di me - Aspetta voce mia - Sciogli i cavalli al vento - Dormi, amore dormi - E' maggio</subfield>
    <subfield code="9">12742</subfield>
  </datafield>
  <datafield tag="700" ind1=" " ind2=" ">
    <subfield code="a">Leoni Ezio</subfield>
    <subfield code="g">Codice autore SPICS: 16082</subfield>
    <subfield code="e">Autore musica</subfield>
    <subfield code="p">Non scordarti di me - Ave Maria - Sciogli i cavalli al vento - Dormi, amore dormi</subfield>
    <subfield code="9">12743</subfield>
  </datafield>
  <datafield tag="700" ind1=" " ind2=" ">
    <subfield code="a">Theodorakis Mikis</subfield>
    <subfield code="g">Codice autore musica SPICS: 11170</subfield>
    <subfield code="e">Autore musica</subfield>
    <subfield code="p">Aspetta voce mia - Il ragazzo che sorride</subfield>
    <subfield code="9">12744</subfield>
  </datafield>
  <datafield tag="700" ind1=" " ind2=" ">
    <subfield code="a">Christodoulou Dimitri</subfield>
    <subfield code="g">Codice autore testo/musica SPICS: 27441</subfield>
    <subfield code="e">Autore testo/musica</subfield>
    <subfield code="p">Aspetta voce mia</subfield>
    <subfield code="9">12745</subfield>
  </datafield>
  <datafield tag="700" ind1=" " ind2=" ">
    <subfield code="a">Pallavicini Vito</subfield>
    <subfield code="g">Codice autore testo/musica SPICS: 13656</subfield>
    <subfield code="e">Autore testo/musica</subfield>
    <subfield code="p">Il ragazzo che sorride</subfield>
    <subfield code="9">12746</subfield>
  </datafield>
  <datafield tag="700" ind1=" " ind2=" ">
    <subfield code="a">Ortega P.</subfield>
    <subfield code="g">Codice autore musica SPICS: 14484</subfield>
    <subfield code="e">Autore musica</subfield>
    <subfield code="p">La felicit&#xE0;</subfield>
    <subfield code="9">12747</subfield>
  </datafield>
  <datafield tag="700" ind1=" " ind2=" ">
    <subfield code="a">Franco Pippo</subfield>
    <subfield code="g">Codice autore testo/musica SPICS: 16030</subfield>
    <subfield code="e">Autore testo/musica</subfield>
    <subfield code="p">La felicit&#xE0;</subfield>
    <subfield code="9">12748</subfield>
  </datafield>
  <datafield tag="700" ind1=" " ind2=" ">
    <subfield code="a">Gounod Charles</subfield>
    <subfield code="g">Codice autore musica SPICS: 10670</subfield>
    <subfield code="e">Autore musica</subfield>
    <subfield code="p">Ave Maria</subfield>
    <subfield code="9">12749</subfield>
  </datafield>
  <datafield tag="700" ind1=" " ind2=" ">
    <subfield code="a">Tharlev Yoram</subfield>
    <subfield code="g">Codice autore SPICS: 27716</subfield>
    <subfield code="e">Autore</subfield>
    <subfield code="p">E' maggio</subfield>
    <subfield code="9">12750</subfield>
  </datafield>
  <datafield tag="700" ind1=" " ind2=" ">
    <subfield code="a">Heiman Nahum</subfield>
    <subfield code="g">Codice autore testo/musica SPICS: 27717</subfield>
    <subfield code="e">Autore testo/musica</subfield>
    <subfield code="p">E' maggio</subfield>
    <subfield code="9">12751</subfield>
  </datafield>
  <datafield tag="942" ind1=" " ind2=" ">
    <subfield code="c">MD</subfield>
    <subfield code="2">ddc</subfield>
  </datafield>
  <datafield tag="952" ind1=" " ind2=" ">
    <subfield code="0">0</subfield>
    <subfield code="1">0</subfield>
    <subfield code="4">0</subfield>
    <subfield code="6">25629_000000000000000</subfield>
    <subfield code="7">1</subfield>
    <subfield code="a">SPICS</subfield>
    <subfield code="b">SPICS</subfield>
    <subfield code="d">2013-10-25</subfield>
    <subfield code="l">0</subfield>
    <subfield code="o">25629</subfield>
    <subfield code="r">2013-10-25 00:00:00</subfield>
    <subfield code="w">2013-10-25</subfield>
    <subfield code="y">MD</subfield>
    <subfield code="z">Progr. Ins.: 5503 / N.Vol.: 1 / Copie: 1 - Copia rara: n.d. / date import: 01.01.2014 - By Epidotti, Trombetti, Vaglietti</subfield>
  </datafield>
</record>
